Statistics for Lincolnshire UK Quiz

Click here to take the quiz!

General Stats

  • This quiz has been taken 146 times
    (114 since last reset)
  • The average score is 7 of 12

Answer Stats

QuestionAnswer% Correct
How does Lincolnshire rank in English counties by size? (Out of 48)2nd
97%
What Lincoln based manufacturing company made the first ever tanks?Ruston of Lincoln
85%
How many English counties does Lincolnshire border?8
84%
What is the closest major city to Lincolnshire?Nottingham
81%
What is the name of the holiday resort in Skegness?Butlin's
78%
What town in Lincolnshire was the first Female Prime Minister born in?Grantham
76%
What Lincolnshire football team is in the EFL league 1?Lincoln City F.C
63%
Where does The Wash start?Boston
35%
Lincolnshire shares a border with another county that is the shortest in the country. Which county is it?Northamptonshire
22%
Where is Humberside Airport?Kirmington
20%
When did they start building Lincoln Cathedral?1072
17%
When was Lincoln Cathedral the tallest building in the world?1311 - 1548
8%

Score Distribution

Percentile by Number Answered

Percent of People with Each Score

Your Score History

You have not taken this quiz since the last reset